The Accordion Quiz Stats

Quiz Updated Oct 19, 2016

Challenge
Share
Tweet
Embed
Score 0/10 Timer 04:00
2 Plays Today
Accordion-Themed Question Answer % Correct
Nearly 25 years after releasing ''Another One Rides the Bus'', this parodist's ''White & Nerdy'' was his first song to be certified platinum by the RIAA.''Weird Al'' Yankovic
87.6%
Winning many awards for ''Leaving Las Vegas'' (yet none for ''National Treasure''), this actor once proclaimed, ''I want to be Bob Denver on acid playing the accordion.''Nicolas Cage
84.5%
Repairman Wolfgang Fachmann can easily fix your accordion if you bring it to Bienenbüttel in this country, whose language is where the word ''accordion'' derives.Germany (from ''Akkord'' meaning ''harmony'')
83.4%
Supernerd Steve Urkel, portrayed by actor Jaleel White, annoyed everyone when he brought out his accordion on this TV sitcom.''Family Matters''
73.3%
''To turn on your boyfriend, get naked and strap on an accordion,'' says this accordion-playing singer of ''All I Wanna Do'' and ''The First Cut Is the Deepest''.Sheryl Crow
61.7%
The State Musical Instrument of Louisiana, the diatonic accordion was nicknamed this after the region's style of music and cuisine.''Cajun'' accordion
60.7%
The National Hall of Fame for the ''Cleveland-Style'' of this music genre can be found in the city of Euclid, Ohio.polka
57.9%
This player of ''champagne music'' was a bandleader and host of a long-running eponymous variety show; he was given his first accordion by his father.Lawrence Welk
45.1%
There's a few famous ones mentioned throughout this quiz, but this is the specific term for any person who plays the instrument. (Hint: It's not ''lonely''.)accordionist
38.7%
Also found in harmonicas and some organs, these strips made from metal make different pitches when air is blown across them.reeds
36.2%

You're not logged in!

Compare scores with friends on all Sporcle quizzes.
Join for Free
OR
Log In

You Might Also Like...

Show Comments

Extras

Top Quizzes Today


Score Distribution

Your Account Isn't Verified!

In order to create a playlist on Sporcle, you need to verify the email address you used during registration. Go to your Sporcle Settings to finish the process.

Report this User

Report this user for behavior that violates our Community Guidelines.

Details: